Ganancias de tercera categoría (Registro nro. 172)

Detalles MARC
000 -LEADER
fixed length control field 01151 a2200229 4500
001 - CONTROL NUMBER
control field 258
005 - DATE AND TIME OF LATEST TRANSACTION
control field 20260407155417.0
008 - FIXED-LENGTH DATA ELEMENTS--GENERAL INFORMATION
fixed length control field 260407a2010 arg spa d
003 - CONTROL NUMBER IDENTIFIER
control field AR-UNSa-BCEJYS
040 ## - CATALOGING SOURCE
Original cataloging agency AR-UNSa-BCEJYS
Language of cataloging spa
Transcribing agency AR-UNSa-BCEJYS
080 ## - UNIVERSAL DECIMAL CLASSIFICATION NUMBER
Universal Decimal Classification number 336.226.1
Common auxiliary subdivision Impuestos a las ganancias o los beneficios (Impuesto Diferido)
020 ## - INTERNATIONAL STANDARD BOOK NUMBER
International Standard Book Number 978-987-01-1051-4
100 1# - MAIN ENTRY--PERSONAL NAME
Personal name Cerchiara, Claudia M.
245 10 - TITLE STATEMENT
Title Ganancias de tercera categoría
Name of part/section of a work unipersonales, sociedades de hecho
264 #1 - PRODUCTION, PUBLICATION, DISTRIBUTION, MANUFACTURE, AND COPYRIGHT NOTICE
Place of production, publication, distribution, manufacture Buenos Aires :
Name of producer, publisher, distributor, manufacturer Errepar
Date of production, publication, distribution, manufacture, or copyright notice 2010
300 ## - PHYSICAL DESCRIPTION
Extent 271 p.
Dimensions 27 cm.
505 ## - FORMATTED CONTENTS NOTE
Formatted contents note 1. Principales modificaciones para el año fiscal 2009 - 2. Datos útiles para la determinación del impuesto - 3. Conceptos básicos - 4. Tercera categoría - 5. Minicasos prácticos - 6. Práctica integral - 7. Consultas - 8. Ejercicios de autoevaluación - 9. Cuestiones controvertidas - 10. Práctica de inspección
590 ## - LOCAL NOTE (RLIN)
Local note niveau_biblio:m niveau_hierar:0
700 1# - ADDED ENTRY--PERSONAL NAME
Personal name Lobera, Elizabeth R.
856 41 - ELECTRONIC LOCATION AND ACCESS
Uniform Resource Identifier <a href="https://biblioeco.unsa.edu.ar/pmb/images/libros/Ganancias de tercera categor?a Cerchiara, Claudia M. (2010).jpg">https://biblioeco.unsa.edu.ar/pmb/images/libros/Ganancias de tercera categor?a Cerchiara, Claudia M. (2010).jpg</a>
Link text Imagen de portada
Electronic format type image/jpeg
942 ## - ADDED ENTRY ELEMENTS (KOHA)
Koha item type
Existencias
Withdrawn status Lost status Damaged status Not for loan Home library Current library Shelving location Date acquired Total checkouts Full call number Barcode Date last seen Price effective from Koha item type
        Biblioteca Prof. Eusebio Cleto del Rey Biblioteca Prof. Eusebio Cleto del Rey   07/04/2026   336.226.1 C412 9ed. L117759 07/04/2026 07/04/2026 Libro
        Biblioteca Prof. Eusebio Cleto del Rey Biblioteca Prof. Eusebio Cleto del Rey   07/04/2026   336.226.1 C412 9ed. L117760 07/04/2026 07/04/2026 Libro
        Biblioteca Prof. Eusebio Cleto del Rey Biblioteca Prof. Eusebio Cleto del Rey   07/04/2026   336.226.1 C412 9ed. L119922 07/04/2026 07/04/2026 Libro